[Event "II Campionato Italiano Lampo Online"]
[Site "playchess.com"]
[Date "2007.12.23"]
[Round "1.4"]
[White "Vocaturo, Daniele"]
[Black "Brunello, Sabino"]
[Result "1-0"]
[WhiteElo "2612"]
[BlackElo "2717"]
[PlyCount "39"]
[EventDate "2007.12.23"]
[Source "www.chesslib.no"]
[SourceDate "2004.05.04"]

1. f4 d5 2. b3 Nf6 3. e3 e6 4. Bb2 c5 5. Nf3 Be7 6. Ne5 O-O 7. Bd3 Nc6 8. Nxc6 bxc6 9. g4 Qb6 10. g5 Ne4 11. Nc3 f5 12. gxf6 Bxf6 13. Nxe4 dxe4 14. Bxf6 exd3 15. Bc3 dxc2 16. Qxc2 Ba6 17. Rg1 Rf7 18. Qe4 Re8 19. Qe5 g6 20. Qh8# 1-0

[Event "II Campionato Italiano Lampo Online"]
[Site "playchess.com"]
[Date "2007.12.23"]
[Round "1.4"]
[White "Vocaturo, Daniele"]
[Black "Brunello, Sabino"]
[Result "1/2-1/2"]
[WhiteElo "2606"]
[BlackElo "2722"]
[PlyCount "117"]
[EventDate "2007.12.23"]
[Source "www.chesslib.no"]
[SourceDate "2004.05.04"]

1. f4 d5 2. b3 Nf6 3. e3 e6 4. Bb2 Be7 5. Nf3 O-O 6. Bd3 c5 7. O-O Nc6 8. a3 b6 9. Ne5 Bb7 10. g4 Nd7 11. Nxc6 Bxc6 12. g5 f5 13. gxf6 Bxf6 14. Qh5 h6 15. Bxf6 Nxf6 16. Qg6 Qe8 17. Qxe8 Raxe8 18. Nc3 e5 19. fxe5 Rxe5 20. Ne2 Rd8 21. Ng3 b5 22. c3 d4 23. exd4 cxd4 24. c4 bxc4 25. Bxc4+ Kh8 26. Rae1 Rxe1 27. Rxe1 a5 28. Nf5 a4 29. b4 d3 30. Re7 Ne4 31. b5 Ba8 32. Rxg7 Nxd2 33. Be6 Nf3+ 34. Kf2 d2 35. Rg6 Kh7 36. Rg7+ Kh8 37. Rg6 Ng5 38. Rxh6+ Nh7 39. Ne3 d1=Q 40. Nxd1 Rxd1 41. Bf5 Kg7 42. Rxh7+ Kf6 43. Ra7 Bd5 44. Bg4 Rb1 45. Ke3 Rxb5 46. Kd4 Bb3 47. Rxa4 Bxa4 48. h4 Rb3 49. Be2 Rxa3 50. Bc4 Rg3 51. h5 Be8 52. Be2 Bxh5 53. Bxh5 Rg5 54. Bd1 Rg3 55. Ke4 Rg1 56. Kf4 Kg6 57. Ke3 Kh6 58. Ke2 Rxd1 59. Kxd1 1/2-1/2

[Event "Bled (ol) 86/1"]
[Site "?"]
[Date "2002.??.??"]
[Round "?"]
[White "Granda Zuniga, J."]
[Black "Beliavsky, A."]
[Result "1-0"]
[WhiteElo "2605"]
[BlackElo "2650"]
[PlyCount "107"]
[EventDate "2002.??.??"]
[Source "Chess Informant"]
[SourceDate "2002.10.01"]

1. f4 Nf6 2. Nf3 d5 3. b3 Bg4 4. e3 e6 5. Bb2 a5 6. Nc3 Nbd7 7. h3 Bxf3 8. Qxf3 c6 9. g4 a4 10. g5 a3 11. Bc1 Ng8 12. Ne2 g6 13. d3 Bg7 14. Rb1 e5 15. h4 exf4 16. exf4 Ne7 17. Bh3 O-O 18. h5 d4 19. hxg6 hxg6 20. Bd2 Nd5 21. Kf2 Re8 22. Ng3 Nc5 23. f5 Re3 24. Qg4 Be5 25. Rbg1 Qd6 26. Bxe3 dxe3+ 27. Kf3 Nf4 28. Re1 Qd5+ 29. Ne4 e2 30. Rxe2 Nxe2 31. Kxe2 Nxe4 32. Qxe4 Qxe4+ 33. dxe4 Rd8 34. fxg6 fxg6 35. Be6+ Kg7 36. Rf1 b5 37. Rf7+ Kh8 38. Rd7 Rxd7 39. Bxd7 b4 40. Bxc6 Bf4 41. Kd3 Bxg5 42. c3 bxc3 43. b4 Kg7 44. Kxc3 Kf6 45. b5 Be3 46. Kb4 Ke5 47. Kxa3 g5 48. Kb4 g4 49. Bd7 g3 50. Bh3 Kd6 51. Ka5 Bd4 52. Ka6 Kc5 53. a4 Be3 54. b6 1-0

[Event "Cup Croatia"]
[Site "Orel RUS"]
[Date "1996.??.??"]
[Round "?"]
[White "Akopian, Vladimir E"]
[Black "Rozentalis, Eduardas"]
[Result "0-1"]
[WhiteElo "2620"]
[BlackElo "2605"]
[PlyCount "114"]
[EventDate "1996.??.??"]
[Source "www.chesslib.no"]
[SourceDate "2004.05.04"]

1. f4 d5 2. Nf3 g6 3. g3 Bg7 4. Bg2 Nf6 5. O-O O-O 6. d3 c5 7. Nc3 d4 8. Na4 Qa5 9. c4 dxc3 10. Nxc3 Nc6 11. Ne5 Nxe5 12. fxe5 Ng4 13. Nd5 Qd8 14. Bg5 Re8 15. Qc2 h6 16. Bd2 Bxe5 17. Qxc5 e6 18. h3 exd5 19. hxg4 Bxg4 20. Qxd5 Qxd5 21. Bxd5 Be6 22. Bg2 Bxb2 23. Rab1 Bd4+ 24. e3 Bb6 25. Bxb7 Rab8 26. Bc6 Rec8 27. Rbc1 Bxa2 28. d4 Rc7 29. Rf6 Rbc8 30. Rd6 Be6 31. Kh2 Kg7 32. Bb4 h5 33. Bd2 Bd5 34. Bxd5 Rxc1 35. Bxc1 Rxc1 36. Rd7 Rc7 37. Rxc7 Bxc7 38. Kg2 g5 39. Bf3 g4 40. Bc6 a5 41. e4 Bb6 42. d5 Bc7 43. Bb5 Be5 44. Kf2 f6 45. Be8 Kh6 46. Kg2 Kg5 47. Bb5 Bd6 48. Kf2 h4 49. gxh4+ Kxh4 50. Ke3 Be5 51. Kf2 g3+ 52. Kg2 Kg4 53. Ba4 Kf4 54. Bc2 Ke3 55. Bb1 a4 56. Bc2 a3 57. Bb1 Bd6 0-1

[Event "7th Amplico AIG Life Gp2"]
[Site "Warsaw POL"]
[Date "2007.12.16"]
[Round "2"]
[White "Jakubiec, A."]
[Black "Moiseenko, A1."]
[Result "1-0"]
[WhiteElo "2524"]
[BlackElo "2646"]
[PlyCount "65"]
[EventDate "2007.12.16"]
[Source "www.chesslib.no"]
[SourceDate "2004.05.04"]

1. f4 d5 2. Nf3 Nf6 3. g3 g6 4. Bg2 Bg7 5. O-O O-O 6. d3 c5 7. Qe1 d4 8. Na3 Nc6 9. Bd2 Nd5 10. c3 e5 11. fxe5 Nxe5 12. Nxe5 Bxe5 13. Nc2 Bg7 14. c4 Nf6 15. b4 cxb4 16. Nxb4 Re8 17. Qf2 Qc7 18. Rab1 Be6 19. h3 Qc8 20. Bg5 Nd7 21. Nd5 Kh8 22. Nf6 Nxf6 23. Bxf6 Rb8 24. Qxd4 Bxf6 25. Qxf6+ Kg8 26. Kh2 b6 27. Rb5 Qa6 28. Re5 Qxa2 29. Bc6 Red8 30. Rxe6 fxe6 31. Qxe6+ Kg7 32. Rf7+ Kh6 33. Qe3+ 1-0

[Event "2nd IECC, Ohrid MKD"]
[Site "?"]
[Date "2001.??.??"]
[Round "6"]
[White "Chernyshov, K."]
[Black "Dautov, R."]
[Result "0-1"]
[WhiteElo "2535"]
[BlackElo "2630"]
[PlyCount "68"]
[EventDate "2001.??.??"]
[Source "www.chesslib.no"]
[SourceDate "2004.05.04"]

1. f4 d5 2. Nf3 g6 3. e3 Bg7 4. Be2 Nh6 5. O-O O-O 6. c4 c6 7. d4 Bg4 8. Qb3 Qb6 9. Qa3 Nf5 10. Nc3 dxc4 11. Kh1 Nd6 12. b3 cxb3 13. Rb1 Nd7 14. Rxb3 Qc7 15. h3 Be6 16. Rb1 b5 17. Ng5 Bc4 18. Bxc4 Nxc4 19. Qxe7 Rae8 20. Qb4 Nxe3 21. Bxe3 Rxe3 22. f5 a5 23. Qb3 Nf6 24. Qc2 Qd6 25. Nd1 Re7 26. Nf2 Rfe8 27. fxg6 hxg6 28. Ng4 Nh5 29. Rb3 Re1 30. Qf2 Rxf1+ 31. Qxf1 f6 32. Ne5 Qd5 33. Qb1 fxe5 34. Qxg6 Qxg2+ 0-1

[Event "54th ch-RUS, Elista RUS"]
[Site "?"]
[Date "2001.??.??"]
[Round "5"]
[White "Chernyshov, K."]
[Black "Lastin, A."]
[Result "1/2-1/2"]
[WhiteElo "2535"]
[BlackElo "2625"]
[PlyCount "21"]
[EventDate "2001.??.??"]
[Source "www.chesslib.no"]
[SourceDate "2004.05.04"]

1. f4 d5 2. Nf3 g6 3. e3 Bg7 4. Be2 Nf6 5. b3 O-O 6. Bb2 c5 7. O-O Nc6 8. Bb5 Na5 9. Be2 Nc6 10. Bb5 Na5 11. Be2 1/2-1/2

[Event "Mind Sports Games - Blitz Ind"]
[Site "Pechino CINA"]
[Date "2008.10.04"]
[Round "7"]
[White "Bartel, Mat"]
[Black "Markos, J."]
[Result "1-0"]
[WhiteElo "2602"]
[BlackElo "2557"]
[PlyCount "53"]
[EventDate "2008.10.04"]
[Source "www.chesslib.no"]
[SourceDate "2004.05.04"]

1. g3 Nf6 2. Bg2 d5 3. f4 Nc6 4. Nf3 Bf5 5. d3 Qd7 6. h3 h5 7. Ne5 Nxe5 8. fxe5 Ng8 9. Nc3 d4 10. Ne4 e6 11. O-O Be7 12. b4 Nh6 13. Nc5 Bxc5 14. bxc5 c6 15. Rb1 Bg6 16. e4 dxe3 17. Bxe3 Nf5 18. Bf2 Qe7 19. Qf3 O-O 20. Rb4 Rad8 21. Rfb1 Rd7 22. Qf4 Rfd8 23. g4 hxg4 24. hxg4 Nh6 25. Be3 Rf8 26. Qg5 Qxg5 27. Bxg5 1-0

[Event "BL2-Nord 0102"]
[Site "Germany"]
[Date "2002.04.28"]
[Round "9.1"]
[White "Danielsen, Henrik"]
[Black "Almasi, Zoltan"]
[Result "0-1"]
[WhiteElo "2526"]
[BlackElo "2630"]
[PlyCount "76"]
[EventDate "2001.10.07"]
[Source "ChessBase"]
[SourceDate "2002.07.08"]

1. f4 d5 2. c3 g6 3. g3 Bg7 4. Bg2 c6 5. d3 Nf6 6. Nh3 Qb6 7. Nf2 Ng4 8. O-O h5 9. Na3 Nd7 10. e4 Ndf6 11. Qb3 Nxf2 12. Rxf2 h4 13. Qxb6 axb6 14. Re2 hxg3 15. hxg3 Bg4 16. Re1 dxe4 17. dxe4 Nd7 18. e5 Nc5 19. Be3 Na4 20. Nc4 Ra6 21. Bc1 Be6 22. Bf1 b5 23. Ne3 Nc5 24. a3 Ra8 25. Rd1 g5 26. Bg2 gxf4 27. gxf4 Nb3 28. Rb1 Bh6 29. Rf1 Rg8 30. Rf3 Rd8 31. Kf2 Nxc1 32. Rxc1 Rd2+ 33. Kf1 Rxb2 34. Rd1 Ra2 35. Bh1 Rxa3 36. f5 Bb3 37. Rc1 Bxe3 38. Rxe3 Ra2 0-1

[Event "TCh-CZE Extraliga 2003-4"]
[Site "Czech Rep"]
[Date "2004.01.10"]
[Round "5"]
[White "Jakubiec, Artur"]
[Black "Hracek, Zbynek"]
[Result "1/2-1/2"]
[WhiteElo "2546"]
[BlackElo "2599"]
[PlyCount "64"]
[EventDate "2004.01.08"]
[Source "Roberto Alvarez"]
[SourceDate "2004.04.05"]

1. f4 d5 2. Nf3 g6 3. g3 Bg7 4. Bg2 Nh6 5. Nc3 c6 6. d3 d4 7. Ne4 Nf5 8. c3 Nd7 9. O-O Nf6 10. Ne5 Nd5 11. Qb3 O-O 12. Rf2 Qc7 13. g4 Nfe3 14. cxd4 Nxg4 15. Nxg4 Bxg4 16. e3 Nf6 17. Bd2 Be6 18. Qc2 Rad8 19. b4 Qc8 20. Rc1 Bh3 21. Qd1 Bxg2 22. Rxg2 Rd5 23. Qf3 Rfd8 24. Bc3 Rh5 25. Rg3 Ne8 26. Nf2 Nd6 27. Bd2 Nf5 28. Rg4 Qe6 29. Rc4 Nh4 30. Qg3 Nf5 31. Qf3 Nh4 32. Qg3 Nf5 1/2-1/2

[Event "Vastgota Open"]
[Site "Vastgota op"]
[Date "1994.??.??"]
[Round "?"]
[White "Karlsson, Lars C-G"]
[Black "Andersson, Ulf"]
[Result "0-1"]
[WhiteElo "2520"]
[BlackElo "2620"]
[PlyCount "80"]
[EventDate "1994.??.??"]
[Source "www.chesslib.no"]
[SourceDate "2004.05.04"]

1. f4 d5 2. Nf3 g6 3. e3 Bg7 4. Nc3 Nf6 5. Ne2 O-O 6. Ng3 c5 7. Be2 Nc6 8. O-O Qc7 9. Bb5 Bd7 10. d3 Rad8 11. Qe2 Ne8 12. Bxc6 Bxc6 13. h4 Bd7 14. h5 Bg4 15. hxg6 fxg6 16. Qe1 Bxf3 17. Rxf3 e5 18. fxe5 Qxe5 19. Rxf8+ Bxf8 20. Nf1 Nf6 21. Bd2 Re8 22. Bc3 Qg5 23. Bxf6 Qxf6 24. Rb1 Bh6 25. b4 c4 26. dxc4 dxc4 27. Rd1 Qe6 28. Qg3 b5 29. Kh1 Qf5 30. Qf3 Qxc2 31. Qd5+ Kh8 32. Qxb5 Rf8 33. Qd5 c3 34. Ng3 Bg7 35. Kh2 h6 36. e4 Qb2 37. Re1 c2 38. Qc5 Qc3 39. Qxc3 Bxc3 40. Rc1 Rf2 0-1

[Event "Czech Republic"]
[Site "?"]
[Date "2003.??.??"]
[Round "5"]
[White "Jakubiec Artur"]
[Black "Babula Vlastimil"]
[Result "1-0"]
[WhiteElo "2565"]
[BlackElo "2571"]
[PlyCount "59"]
[EventDate "2003.??.??"]
[Source "www.chesslib.no"]
[SourceDate "2004.05.04"]

1. f4 d5 2. Nf3 g6 3. g3 Bg7 4. Bg2 c6 5. O-O Qb6+ 6. d4 Nh6 7. a4 a5 8. Nc3 Nf5 9. e3 Nd7 10. Re1 O-O 11. b3 Nf6 12. Ba3 Nd6 13. Ne5 Re8 14. g4 Qc7 15. Rf1 b6 16. Rc1 Ba6 17. Rf3 Nfe4 18. Ne2 b5 19. f5 bxa4 20. Nf4 Ng5 21. c4 dxc4 22. bxc4 Nde4 23. Nxf7 Nxf7 24. fxg6 Nfg5 25. gxh7+ Kh8 26. Qc2 e5 27. dxe5 Qf7 28. Rff1 Rxe5 29. h4 Rae8 30. hxg5 1-0

[Event "7th Amplico AIG Life"]
[Site "Warsaw POL"]
[Date "2007.12.15"]
[Round "6"]
[White "Jakubiec, A."]
[Black "Bartel, Mat"]
[Result "1-0"]
[WhiteElo "2524"]
[BlackElo "2608"]
[PlyCount "85"]
[EventDate "2007.12.15"]
[Source "www.chesslib.no"]
[SourceDate "2004.05.04"]

1. f4 d5 2. Nf3 g6 3. g3 Bg7 4. Bg2 Nf6 5. O-O O-O 6. d3 c5 7. Qe1 d4 8. Na3 Nbd7 9. c3 dxc3 10. bxc3 Nb6 11. Ne5 Nfd7 12. Nec4 Nxc4 13. Nxc4 Rb8 14. a4 b6 15. Bd2 Ba6 16. e4 Bxc4 17. dxc4 e5 18. Rd1 Qc7 19. f5 Qc6 20. g4 Qxa4 21. Qh4 Qc6 22. Rf3 Rfd8 23. Be3 Nf6 24. Rdf1 Qxe4 25. Bg5 Qxg4 26. Bxf6 Qxh4 27. Bxh4 Rd7 28. R3f2 e4 29. f6 Bh6 30. Re2 e3 31. Bd5 Rbd8 32. Bg3 Rxd5 33. cxd5 Rxd5 34. Bf4 Bxf4 35. Rxf4 g5 36. Re4 h6 37. R4xe3 Kh7 38. Re7 Kg6 39. Rxa7 Rd6 40. Rf2 Rd3 41. Rb7 Rxc3 42. Rxb6 h5 43. Rb8 1-0

[Event "Open"]
[Site "?"]
[Date "2003.07.11"]
[Round "5"]
[White "Bauer Christian"]
[Black "Degraeve Jean-Marc"]
[Result "1/2-1/2"]
[WhiteElo "2589"]
[BlackElo "2541"]
[PlyCount "20"]
[EventDate "2003.??.??"]
[Source "www.chesslib.no"]
[SourceDate "2004.05.04"]

1. b3 c5 2. Bb2 Nc6 3. f4 d5 4. e3 Nf6 5. Bb5 Bd7 6. Nf3 e6 7. O-O a6 8. Bxc6 Bxc6 9. Ne5 Rc8 10. d3 Be7 1/2-1/2

[Event "Politiken Cup"]
[Site "?"]
[Date "2005.07.21"]
[Round "7"]
[White "Danielsen Henrik"]
[Black "Hansen Curt"]
[Result "1/2-1/2"]
[WhiteElo "2511"]
[BlackElo "2613"]
[PlyCount "63"]
[EventDate "2005.??.??"]
[Source "www.chesslib.no"]
[SourceDate "2004.05.04"]

1. f4 d5 2. Nf3 g6 3. g3 Bg7 4. Bg2 Nh6 5. d3 d4 6. c3 c5 7. O-O O-O 8. e4 dxe3 9. Bxe3 Qc7 10. Na3 Nd7 11. Re1 e6 12. d4 Ng4 13. Ne5 Nxe3 14. Rxe3 Rd8 15. Qb3 Qb6 16. Nac4 Qxb3 17. axb3 cxd4 18. cxd4 Bf8 19. Rc3 Rb8 20. Rac1 Bb4 21. R3c2 Nf6 22. Kf1 h5 23. Bf3 Bd7 24. Nxd7 Rxd7 25. Ne5 Rxd4 26. Rc8+ Rxc8 27. Rxc8+ Bf8 28. Rb8 Nd7 29. Nxd7 Rxd7 30. Rxb7 Rxb7 31. Bxb7 Bg7 32. Kg2 1/2-1/2

[Event "II open"]
[Site "Solsones"]
[Date "2004.08.17"]
[Round "6"]
[White "Movsziszian, Karen"]
[Black "Baklan, Vladimir"]
[Result "0-1"]
[WhiteElo "2528"]
[BlackElo "2595"]
[PlyCount "82"]
[EventDate "2004.08.13"]
[Source "Roberto Alvarez"]
[SourceDate "2004.08.30"]

1. g3 d5 2. Bg2 g6 3. f4 Bg7 4. Nf3 c6 5. O-O Qb6+ 6. d4 Nh6 7. a4 O-O 8. a5 Qc7 9. Nc3 Na6 10. h3 Nf5 11. Kh2 Nd6 12. e3 e6 13. g4 c5 14. Ne2 Bd7 15. Rg1 Ne4 16. c3 f6 17. Nd2 Nd6 18. Ng3 Bc6 19. Nf3 cxd4 20. exd4 Ne4 21. Ne1 Nxg3 22. Kxg3 e5 23. b4 g5 24. dxe5 fxe5 25. b5 gxf4+ 26. Kf2 e4 27. bxc6 bxc6 28. Bf1 f3 29. Rh1 Nc5 30. Be3 Be5 31. Bc4 Qd6 32. Ba2 Rab8 33. Qd2 Nb3 34. Bxb3 Rxb3 35. Rc1 c5 36. Bh6 Rf6 37. Bg5 d4 38. Nc2 Rxc3 39. Rb1 e3+ 40. Nxe3 dxe3+ 41. Bxe3 Rxe3 0-1

[Event "Haninge SWE"]
[Site "Haninge SWE"]
[Date "1990.??.??"]
[Round "3"]
[White "Karlsson, Lars C-G"]
[Black "Seirawan, Yasser"]
[Result "0-1"]
[WhiteElo "2520"]
[BlackElo "2595"]
[PlyCount "42"]
[EventDate "1990.??.??"]
[Source "www.chesslib.no"]
[SourceDate "2004.05.04"]

1. f4 d5 2. Nf3 g6 3. g3 Bg7 4. Bg2 c5 5. O-O Nh6 6. Nc3 Nc6 7. d3 O-O 8. Bd2 Nf5 9. Kh1 d4 10. Na4 b6 11. g4 Nd6 12. h3 Bb7 13. e4 Qd7 14. Nc3 f5 15. g5 Nf7 16. e5 Nfxe5 17. Nxe5 Rf7 18. Na4 b5 19. Nb6 Nb4 20. Rb1 Nxd3 21. Rf2 Nc1 0-1

[Event "Haninge"]
[Site "?"]
[Date "1990.??.??"]
[Round "?"]
[White "Karlsson, L."]
[Black "Seirawan, Y."]
[Result "0-1"]
[WhiteElo "2520"]
[BlackElo "2595"]
[PlyCount "92"]
[EventDate "1990.??.??"]
[Source "ChessBase"]
[SourceDate "1990.01.01"]

1. f4 d5 2. Nf3 g6 3. g3 Bg7 4. Bg2 c5 5. O-O Nh6 6. Nc3 Nc6 7. d3 O-O 8. Bd2 Nf5 9. Kh1 d4 10. Na4 b6 11. g4 Nd6 12. h3 Bb7 13. e4 dxe3 14. Bxe3 Qd7 15. Nc3 f5 16. g5 Nf7 17. Qd2 Rae8 18. Rae1 e5 19. fxe5 Nfxe5 20. Nxe5 Rxe5 21. Bf4 Rxe1 22. Rxe1 Nd4 23. Bxb7 Qxb7+ 24. Qg2 Qxg2+ 25. Kxg2 Nxc2 26. Re7 Rf7 27. Re6 Rf8 28. Re7 Rd8 29. Rxa7 Ne1+ 30. Kf1 Nxd3 31. Bc7 Rd7 32. Na4 b5 33. Nb6 Rd4 34. Ra8+ Kf7 35. Ra7 Ke6 36. Ra6 Nb4 37. Ra5 Rd1+ 38. Ke2 Rb1 39. Rxb5 Rxb2+ 40. Kf3 Bd4 41. a4 Ra2 42. Ra5 Nd3 43. Ra8 Rf2+ 44. Kg3 Nc1 45. Re8+ Kf7 46. Rd8 Ne2+ 0-1

[Event "54th ch-RUS, Elista RUS"]
[Site "?"]
[Date "2001.??.??"]
[Round "3"]
[White "Chernyshov, K."]
[Black "Epishin, V."]
[Result "1-0"]
[WhiteElo "2535"]
[BlackElo "2575"]
[PlyCount "41"]
[EventDate "2001.??.??"]
[Source "www.chesslib.no"]
[SourceDate "2004.05.04"]

1. f4 d5 2. Nf3 g6 3. e3 Bg7 4. Be2 Nd7 5. O-O e5 6. fxe5 Nxe5 7. Nxe5 Bxe5 8. d4 Bg7 9. c4 dxc4 10. b3 Nh6 11. Ba3 Qg5 12. Rf4 Nf5 13. h4 Nxh4 14. Qf1 Nf5 15. Qf3 c6 16. Nd2 Kd8 17. Ne4 Qh6 18. g4 Nxd4 19. Rd1 f5 20. g5 Qh5 21. Qg2 1-0

[Event "7th Amplico AIG Life"]
[Site "Warsaw POL"]
[Date "2007.12.15"]
[Round "8"]
[White "Jakubiec, A."]
[Black "Rozentalis, E."]
[Result "1-0"]
[WhiteElo "2524"]
[BlackElo "2581"]
[PlyCount "61"]
[EventDate "2007.12.15"]
[Source "www.chesslib.no"]
[SourceDate "2004.05.04"]

1. f4 d5 2. Nf3 g6 3. g3 Bg7 4. Bg2 Nf6 5. O-O O-O 6. d3 b6 7. h3 Bb7 8. Qe1 Nbd7 9. g4 e6 10. Nc3 Qe7 11. Qh4 Rfe8 12. Bd2 a6 13. Rae1 b5 14. a3 c5 15. Nd1 Qd6 16. Nf2 d4 17. g5 Nh5 18. Ne4 Bxe4 19. dxe4 e5 20. f5 c4 21. Nh2 c3 22. bxc3 Qc5 23. Ng4 Nb6 24. cxd4 exd4 25. Bb4 Qxc2 26. e5 Ra7 27. e6 fxe6 28. fxg6 hxg6 29. Be4 d3 30. Bxg6 Bd4+ 31. e3 1-0

[Event "NED-GER"]
[Site "Venlo"]
[Date "2000.08.26"]
[Round "3"]
[White "Reinderman, Dimitri"]
[Black "Luther, Thomas"]
[Result "0-1"]
[WhiteElo "2551"]
[BlackElo "2547"]
[PlyCount "62"]
[EventDate "2000.08.24"]
[Source "ChessBase"]
[SourceDate "2000.11.21"]

1. f4 d5 2. c3 Nf6 3. d3 g6 4. Nf3 Bg7 5. g3 O-O 6. Bg2 b6 7. O-O Bb7 8. h3 c5 9. Qe1 Nc6 10. e4 dxe4 11. dxe4 e5 12. f5 Qd3 13. Nbd2 Rad8 14. g4 gxf5 15. gxf5 Nh5 16. Qh4 Nf4 17. Ng5 h6 18. Ndf3 Nxg2 19. Kxg2 Rd6 20. Rg1 hxg5 21. Nxg5 Rh6 22. Qg4 Ba6 23. Kf2 Qc2+ 24. Ke1 Rh4 25. Qf3 Rd8 26. f6 Rd3 27. Be3 Rf4 28. Nxf7 Rxf3 29. Nh6+ Kf8 30. fxg7+ Ke7 31. g8=Q Rdxe3# 0-1

[Event "TCh-CZE Extraliga 2003-4"]
[Site "Czech Rep"]
[Date "2004.03.21"]
[Round "9"]
[White "Jakubiec, Artur"]
[Black "Stocek, Jiri"]
[Result "1/2-1/2"]
[WhiteElo "2546"]
[BlackElo "2552"]
[PlyCount "62"]
[EventDate "2004.01.08"]
[Source "Roberto Alvarez"]
[SourceDate "2004.04.05"]

1. f4 d5 2. Nf3 Bg4 3. e3 e6 4. Be2 Bd6 5. O-O Qe7 6. b3 Nf6 7. Bb2 O-O 8. Ne5 Bxe2 9. Qxe2 Nfd7 10. Nxd7 Nxd7 11. c4 c6 12. Nc3 f5 13. Rf3 Ba3 14. d3 Bxb2 15. Qxb2 Rad8 16. Rd1 Nf6 17. Na4 b6 18. d4 c5 19. dxc5 dxc4 20. Rxd8 Rxd8 21. cxb6 cxb3 22. Qxb3 Ne4 23. bxa7 Nd2 24. Qb8 Nxf3+ 25. gxf3 Qe8 26. Qxd8 Qxd8 27. Nb6 Qd1+ 28. Kg2 Qe2+ 29. Kg3 Qe1+ 30. Kg2 Qe2+ 31. Kg3 Qe1+ 1/2-1/2

[Event "5th Neckar Open, Deizisau GER"]
[Site "?"]
[Date "2001.??.??"]
[Round "8"]
[White "Balinov, I."]
[Black "Ftacnik, L."]
[Result "0-1"]
[WhiteElo "2480"]
[BlackElo "2615"]
[PlyCount "72"]
[EventDate "2001.??.??"]
[Source "www.chesslib.no"]
[SourceDate "2004.05.04"]

1. f4 Nf6 2. Nf3 d5 3. g3 g6 4. Bg2 Bg7 5. O-O c5 6. d3 Nc6 7. Qe1 O-O 8. h3 Qc7 9. e4 dxe4 10. dxe4 Rd8 11. g4 Nd4 12. Rf2 Bd7 13. Ne5 Be8 14. Nc3 Nb5 15. Nd1 Nd6 16. Nc3 Nb5 17. Nd1 Nd7 18. Nc4 Nb6 19. Nce3 Bc6 20. a4 Nd4 21. Nc3 e6 22. Qf1 a5 23. Bd2 Rd7 24. Be1 f5 25. b3 fxe4 26. Nxe4 Rf7 27. Bd2 Rxf4 28. Rxf4 Qxf4 29. Re1 Qc7 30. Kh1 Rf8 31. Qd3 Nf3 32. Bxf3 Rxf3 33. Re2 Bd4 34. c3 Qf4 35. cxd4 Bxe4 36. Ng2 Rf1# 0-1

[Event "Walsall"]
[Site "Walsall"]
[Date "1992.??.??"]
[Round "5"]
[White "Norwood, David"]
[Black "Chandler, Murray G"]
[Result "0-1"]
[WhiteElo "2510"]
[BlackElo "2575"]
[PlyCount "90"]
[EventDate "1992.??.??"]
[Source "ChessBase"]

1. g3 Nf6 2. Bg2 d5 3. f4 g6 4. Nf3 Bg7 5. O-O O-O 6. d3 Nc6 7. Nbd2 Ng4 8. Nb3 d4 9. h3 Ne3 10. Bxe3 dxe3 11. d4 a5 12. c3 a4 13. Nc5 a3 14. b4 b6 15. Nb3 Ba6 16. Ne1 Na7 17. Nc2 Nb5 18. Qe1 Rc8 19. Rd1 Qd7 20. Nxe3 Nd6 21. Nc2 Qa4 22. Rf2 f5 23. Rb1 Rfd8 24. Qc1 Nc4 25. e4 fxe4 26. Bxe4 e6 27. Bd3 c5 28. bxc5 bxc5 29. Bxc4 Qxc4 30. Ne3 Qd3 31. Nxc5 Rxc5 32. dxc5 Bf8 33. Qe1 Qe4 34. Rb4 Qd3 35. Rd4 Rxd4 36. cxd4 Qxd4 37. Nc2 Qxc5 38. Ne3 Qb5 39. Kh2 Bc5 40. Rd2 Qc6 41. Rc2 Bb7 42. Nc4 h5 43. Ne3 Qb5 44. Qd1 h4 45. gxh4 Qa4 0-1

[Event "Swidnica op rap"]
[Site "?"]
[Date "1998.??.??"]
[Round "?"]
[White "Malaniuk Vladimir P"]
[Black "Sulskis Sarunas"]
[Result "1-0"]
[WhiteElo "2600"]
[BlackElo "2485"]
[PlyCount "171"]
[EventDate "1998.??.??"]
[Source "www.chesslib.no"]
[SourceDate "2004.05.04"]

1. f4 d5 2. Nf3 Nc6 3. e3 Bg4 4. d4 e6 5. Be2 Nce7 6. c4 c6 7. Nc3 Nf5 8. O-O Nf6 9. Qb3 Qb6 10. Bd3 dxc4 11. Qxc4 Bxf3 12. Rxf3 Rd8 13. Na4 Qc7 14. Qc2 g6 15. Bd2 Bg7 16. Nc5 O-O 17. b4 Nd5 18. Nb3 Ndxe3 19. Bxe3 Nxe3 20. Rxe3 Rxd4 21. a3 Rxf4 22. Rae1 Rd8 23. Be4 Rh4 24. g3 Rh5 25. Rd3 Re5 26. Red1 Rxd3 27. Qxd3 h5 28. Kg2 Kh7 29. Nd2 Rg5 30. Nf3 Rg4 31. Qd7 Qf4 32. Re1 Bc3 33. Re2 Kg7 34. Qxb7 Bf6 35. Qxa7 h4 36. Qe3 Qd6 37. Rd2 Qb8 38. Bxc6 hxg3 39. h3 Rc4 40. b5 Rc3 41. Qe1 Rxa3 42. Qxg3 Qb6 43. Qd6 Rb3 44. Qf4 Qc5 45. Qe4 Rb4 46. Qd3 g5 47. Rc2 Qa7 48. Qd2 Qe7 49. Qe3 g4 50. hxg4 Rxg4+ 51. Kh3 Bd4 52. Qd3 f5 53. Rg2 Bb6 54. Rxg4+ fxg4+ 55. Kxg4 Qc5 56. Qe4 Kf6 57. Bd7 Qe3 58. Qxe3 Bxe3 59. Bc8 e5 60. Bb7 Ke6 61. Ng5+ Kd6 62. Kf5 Kc5 63. Bc6 Kb6 64. Nf3 Kc7 65. Kxe5 Bf2 66. Nd4 Kb6 67. Kd5 Bg1 68. Nf3 Bf2 69. Ne5 Kc7 70. Nc4 Bg1 71. Ke4 Bf2 72. Bd5 Bc5 73. Kd3 Bf2 74. Kc3 Be1+ 75. Kb3 Bf2 76. Ka4 Bc5 77. Ka5 Bd4 78. b6+ Bxb6+ 79. Nxb6 Kd6 80. Kb5 Ke5 81. Kc5 Kf6 82. Nd7+ Ke7 83. Kc6 Ke8 84. Kd6 Kd8 85. Bf7 Kc8 86. Bg6 1-0

[Event "FIDE Wch qual"]
[Site "Internet"]
[Date "2001.??.??"]
[Round "1"]
[White "Blatny, Pavel"]
[Black "Fressinet, Laurent"]
[Result "1/2-1/2"]
[WhiteElo "2478"]
[BlackElo "2606"]
[PlyCount "82"]
[EventDate "2001.10.??"]
[Source "ChessBase"]
[SourceDate "2002.01.21"]

1. f4 d5 2. e3 g6 3. Nf3 Bg7 4. d4 Nf6 5. Bd3 c5 6. c3 O-O 7. O-O b6 8. Qe2 a5 9. Ne5 Nfd7 10. Nd2 e6 11. Ndf3 Ba6 12. Bd2 Bxd3 13. Nxd3 Nc6 14. Be1 c4 15. Nde5 Qc7 16. Bh4 f5 17. Kh1 Ndxe5 18. dxe5 b5 19. g4 fxg4 20. Ng5 Qd7 21. Qxg4 Rf5 22. Rad1 Raf8 23. e4 Nxe5 24. Qg3 Rxg5 25. Bxg5 Nd3 26. Rxd3 cxd3 27. Qxd3 Qc6 28. e5 d4+ 29. Kg1 dxc3 30. Qxc3 Qxc3 31. bxc3 h6 32. Be7 Rc8 33. Rb1 Rxc3 34. Rxb5 Rc1+ 35. Kg2 Rc2+ 36. Kg3 Rxa2 37. Rb8+ Kf7 38. Rb7 Kg8 39. Rb8+ Kf7 40. Rb7 Kg8 41. Rb8+ Kf7 1/2-1/2

[Event "Chesswise int op"]
[Site "Stratton Mountain"]
[Date "2000.07.14"]
[Round "7"]
[White "Blatny, Pavel"]
[Black "Atalik, Suat"]
[Result "1/2-1/2"]
[WhiteElo "2535"]
[BlackElo "2549"]
[PlyCount "73"]
[EventDate "2000.07.10"]
[Source "ChessBase"]
[SourceDate "2000.10.18"]

1. b3 g6 2. Bb2 Nf6 3. f4 d5 4. e3 Bg7 5. Be2 c5 6. Nf3 O-O 7. O-O Nc6 8. Ne5 Bd7 9. Bf3 Rc8 10. Nc3 e6 11. Ne2 Ne4 12. Nxc6 Bxc6 13. Bxg7 Kxg7 14. d3 Nd6 15. Qd2 b6 16. Rad1 f5 17. d4 c4 18. b4 a5 19. a3 Ra8 20. Ra1 Rf7 21. Rfb1 Rfa7 22. Qc1 axb4 23. axb4 Nb5 24. Rxa7+ Rxa7 25. Ra1 Qa8 26. Rxa7+ Qxa7 27. c3 Qa2 28. g4 Na3 29. Kf2 Nb1 30. gxf5 exf5 31. h4 h5 32. Qg1 Nxc3 33. Qg5 Be8 34. Qe7+ Bf7 35. Qe5+ Kg8 36. Qb8+ Kg7 37. Qe5+ 1/2-1/2